000 00281nam a22001337a 4500
008 181023b xxu||||| |||| 00| 0 eng d
020 _a9780809205080
041 _aeng
080 _a510
100 _a39
101 _aMAT
245 _aBest NonFiction
_cJim.H
942 _2udc
_cBK
999 _c50697
_d50697